Normal view
MARC view
Entry Meeting Name
001 - CONTROL NUMBER
- control field: 48841
003 - CONTROL NUMBER IDENTIFIER
- control field: ARRUPE
005 - DATE AND TIME OF LATEST TRANSACTION
- control field: 20191127104820.0
008 - FIXED-LENGTH DATA ELEMENTS
- fixed length control field: 191127|| aca||aabn | a|a d
040 ## - CATALOGING SOURCE
- Original cataloging agency: ARRUPE
- Transcribing agency: ARRUPE
111 ## - HEADING--MEETING NAME
- Meeting name or jurisdiction name as entry element: National Conference on Development and the Environment
- Date of meeting: (1990 :
- Location of meeting: Canberra, A.C.T.)
670 ## - SOURCE DATA FOUND
- Source citation: Work cat.: (ARRUPE)0: Development and the environment:, 1992.